| 000 | 006210000a22001810004500 | ||
|---|---|---|---|
| 003 | MACL | ||
| 005 | 20160526112604.0 | ||
| 008 | 160526b xxu||||| |||| 00| 0 eng d | ||
| 040 |
_aMACL _cMACL |
||
| 041 | _aHindi | ||
| 082 | _a891.433 AYY | ||
| 100 |
_aअययंगार, मास्ति वेंकटेश _959617 |
||
| 245 |
_aसुब्बण्णा _cमास्ति वेंकटेश अययंगार |
||
| 260 |
_bभारतीय ज्ञानपीठ _c2006 _aनई दिल्ली |
||
| 350 | _a55 | ||
| 650 |
_aNovel _959618 |
||
| 942 |
_cHIN _k891.433/AYY/N _2ddc |
||
| 999 |
_c22111 _d22111 |
||